[Event "SV Bönen 1-SV KS Hamm 1"]
[Site "?"]
[Date "2022.09.11"]
[Round "1.1"]
[White "Frombach, Ralf"]
[Black "Mönkemeyer, Maik"]
[Result "1-0"]
[WhiteElo "2149"]
[BlackElo "1874"]
[PlyCount "161"]
[EventDate "2022.??.??"]
[SourceDate "2022.10.02"]
[WhiteTeam "SV Königsspringer Hamm 1"]
[BlackTeam "SV Bönen 1"]

1. d4 d5 2. c4 e6 3. Nc3 Nf6 4. cxd5 exd5 5. Bg5 Be7 6. e3 c6 7. Bd3 Nbd7 8.
Qc2 O-O 9. Nf3 Re8 10. h3 Nf8 11. Bf4 Ne6 12. Be5 g6 13. O-O-O Ng7 14. g4 Be6
15. Kb1 Rc8 16. Qe2 a6 17. Rhg1 Bd6 18. Bxd6 Qxd6 19. Ng5 c5 20. dxc5 Qxc5 21.
Qf3 Nd7 22. Nxe6 fxe6 23. h4 Qb4 24. Nxd5 Ne5 25. Qf4 Qxf4 26. Nxf4 Red8 27.
Be2 Kf7 28. Rxd8 Rxd8 29. Rd1 Rxd1+ 30. Bxd1 Kf6 31. Kc2 g5 32. hxg5+ Kxg5 33.
f3 Nc4 34. Ng2 Ne8 35. f4+ Kf6 36. Be2 Ncd6 37. g5+ Kg7 38. Bd3 h6 39. gxh6+
Kxh6 40. Kc3 Kg7 41. Kd4 Kf6 42. e4 Ke7 43. e5 Nf7 44. Kc5 Nd8 45. Kb6 Kd7 46.
Be4 Kc8 47. Ne3 Nc7 48. Nc4 Kb8 49. Kc5 Ne8 50. Bg6 Nc7 51. Kd6 Nd5 52. f5 Nf4
53. Ne3 exf5 54. Be8 Nd3 55. e6 Nxe6 56. Kxe6 Nxb2 57. Kxf5 b5 58. Ke4 Kb7 59.
Kd4 Na4 60. Nd5 Nb2 61. Kc5 Nd3+ 62. Kd6 b4 63. Bc6+ Kc8 64. Nc7 a5 65. Na6 Nc1
66. Bd7+ Kb7 67. Nc5+ Ka7 68. Be6 Ne2 69. Na4 Nc3 70. Nxc3 bxc3 71. Bb3 Kb6 72.
a4 Ka6 73. Kc5 Ka7 74. Kb5 Kb7 75. Kxa5 Ka7 76. Kb5 Kb7 77. a5 Ka7 78. a6 Kb8
79. Kb6 Ka8 80. a7 c2 81. Bd5# 1-0

[Event "SV Bönen 1-SV KS Hamm 1"]
[Site "?"]
[Date "2022.09.11"]
[Round "1.2"]
[White "Merz, Martin"]
[Black "Happel, Heiner"]
[Result "0-1"]
[WhiteElo "1967"]
[BlackElo "2197"]
[PlyCount "114"]
[EventDate "2022.??.??"]
[SourceDate "2022.10.02"]
[WhiteTeam "SV Bönen 1"]
[BlackTeam "SV Königsspringer Hamm 1"]

1. d4 Nf6 2. Nf3 e6 3. c4 Bb4+ 4. Bd2 c5 5. Bxb4 cxb4 6. Nbd2 O-O 7. e3 d6 8.
Qc2 b6 9. Bd3 Bb7 10. O-O Qe7 11. Qb3 e5 12. Bf5 g6 13. Bh3 a5 14. a3 Na6 15.
Rfd1 Rfe8 16. Rac1 Bc6 17. axb4 Nxb4 18. Ra1 Rad8 19. d5 Bd7 20. Bxd7 Nxd7 21.
Ne4 f5 22. Ng3 Rc8 23. h3 Rc7 24. Ne1 Rec8 25. Nd3 Nxd3 26. Qxd3 Rxc4 27. Ne2
Nf6 28. Ra3 e4 29. Qb1 Qe5 30. Nc3 Rb4 31. g3 h5 32. h4 Nd7 33. Rc1 Nc5 34. Na4
Qxd5 35. Nxc5 Rxc5 36. Rac3 Rbc4 37. Rxc4 Rxc4 38. Rd1 Qc6 39. Kg2 d5 40. b3
Rc3 41. Qb2 Rc5 42. Qe5 Qb7 43. b4 axb4 44. Rd4 Kh7 45. Rxb4 Rc4 46. Rb5 Rc5
47. Rb4 b5 48. Qd6 Rc4 49. Rb1 b4 50. Rd1 d4 51. Ra1 d3 52. Ra6 Qg7 53. Rb6 Rc7
54. Qxb4 Rd7 55. Qd2 Qe5 56. Rb2 Qxb2 57. Qxb2 d2 0-1

[Event "SV Bönen 1-SV KS Hamm 1"]
[Site "?"]
[Date "2022.09.11"]
[Round "1.3"]
[White "Prüß, Wilfried"]
[Black "Fuest, Torsten"]
[Result "1/2-1/2"]
[WhiteElo "2024"]
[BlackElo "1897"]
[PlyCount "44"]
[EventDate "2022.??.??"]
[SourceDate "2022.10.02"]
[WhiteTeam "SV Königsspringer Hamm 1"]
[BlackTeam "SV Bönen 1"]

1. d4 Nf6 2. Nf3 g6 3. g3 Bg7 4. Bg2 d6 5. O-O O-O 6. c4 c6 7. Nc3 Qa5 8. e4
Qh5 9. Nh4 e5 10. dxe5 dxe5 11. Bf3 Bg4 12. h3 Bxf3 13. Qxf3 Nbd7 14. Be3 Rfe8
15. Rfd1 Qxf3 16. Nxf3 Bf8 17. Ne1 Nc5 18. f3 Ne6 19. Nc2 a5 20. Kf2 Red8 21.
b3 Nh5 22. Ne2 f5 1/2-1/2

[Event "SV Bönen 1-SV KS Hamm 1"]
[Site "?"]
[Date "2022.09.11"]
[Round "1.4"]
[White "Helmert, Jochen"]
[Black "Schmidt, Ingo"]
[Result "1-0"]
[WhiteElo "1892"]
[BlackElo "1980"]
[PlyCount "87"]
[EventDate "2022.??.??"]
[SourceDate "2022.10.02"]
[WhiteTeam "SV Bönen 1"]
[BlackTeam "SV Königsspringer Hamm 1"]

1. e4 e5 2. Nf3 Nc6 3. Bb5 f5 4. d3 fxe4 5. dxe4 Nf6 6. O-O d6 7. Nc3 Be7 8. h3
O-O 9. Bc4+ Kh8 10. Ng5 Qe8 11. f4 Na5 12. Be6 Nh5 13. Bxc8 Bxg5 14. fxg5 Rxf1+
15. Qxf1 Rxc8 16. Qf3 g6 17. Nd5 Qe6 18. Bd2 Nc4 19. Bc3 c6 20. Nb4 Kg8 21. Rf1
Qe7 22. b3 Nb6 23. Nd3 Nd7 24. Qg4 Rf8 25. Bd2 Ng7 26. h4 Rxf1+ 27. Kxf1 Ne6
28. c3 d5 29. exd5 cxd5 30. Qb4 Qf7+ 31. Kg1 e4 32. Nf2 Ne5 33. Qd6 Qf5 34. Be3
Nc6 35. Qd7 Nf4 36. Qxb7 Ne2+ 37. Kf1 Ng3+ 38. Ke1 Qe6 39. Qa8+ Kg7 40. Qb7+
Kg8 41. Bc5 Qe8 42. Ng4 Nh5 43. Nf6+ Nxf6 44. gxf6 1-0

[Event "SV Bönen 1-SV KS Hamm 1"]
[Site "?"]
[Date "2022.09.11"]
[Round "1.5"]
[White "Paduch, Alexander"]
[Black "Wegner, Stephan"]
[Result "1/2-1/2"]
[WhiteElo "1865"]
[BlackElo "1791"]
[PlyCount "75"]
[EventDate "2022.??.??"]
[SourceDate "2022.10.02"]
[WhiteTeam "SV Königsspringer Hamm 1"]
[BlackTeam "SV Bönen 1"]

1. e4 e6 2. d4 d5 3. exd5 exd5 4. Nf3 Nc6 5. h3 Bf5 6. Bb5 Bd6 7. Qe2+ Qe7 8.
Be3 Nf6 9. Nc3 Bb4 10. Ne5 Bd7 11. Bxc6 bxc6 12. O-O O-O 13. Qd3 Bxc3 14. Qxc3
Ne4 15. Qa5 f6 16. Nxd7 Qxd7 17. Bf4 Rfb8 18. b3 Nd6 19. a4 Re8 20. Rfe1 Re7
21. Rxe7 Qxe7 22. Re1 Qd7 23. f3 Kf7 24. Re2 Nf5 25. Qc5 Nd6 26. g4 Nb7 27. Qb4
Nd6 28. Qa5 Re8 29. Rxe8 Kxe8 30. Qxa7 Qe6 31. Kf2 Kd7 32. Qb8 g5 33. Bg3 f5
34. Be5 fxg4 35. hxg4 Qg6 36. Kg3 Qxc2 37. a5 Qc3 38. Qg8 1/2-1/2

[Event "SV Bönen 1-SV KS Hamm 1"]
[Site "?"]
[Date "2022.09.11"]
[Round "1.6"]
[White "Volling, Andreas"]
[Black "Sporkert, Corina"]
[Result "0-1"]
[WhiteElo "1797"]
[BlackElo "1910"]
[PlyCount "56"]
[EventDate "2022.??.??"]
[SourceDate "2022.10.02"]
[WhiteTeam "SV Bönen 1"]
[BlackTeam "SV Königsspringer Hamm 1"]

1. d4 Nf6 2. c4 g6 3. Nc3 d5 4. cxd5 Nxd5 5. e4 Nxc3 6. bxc3 Bg7 7. Bc4 O-O 8.
Ne2 c5 9. Be3 cxd4 10. cxd4 Nc6 11. O-O b6 12. Qd2 Bb7 13. Rad1 Rc8 14. f3 Na5
15. Bb3 Ba6 16. Rf2 Qd7 17. Bh6 Bxh6 18. Qxh6 Nxb3 19. axb3 Rc2 20. Ng3 Rfc8
21. Rxc2 Rxc2 22. Qe3 Bb7 23. h4 Qc7 24. e5 Qc3 25. Qg5 Bxf3 26. Qxe7 Qe3+ 27.
Kh2 Rxg2+ 28. Kh3 Rh2+ 0-1

[Event "SV Bönen 1-SV KS Hamm 1"]
[Site "?"]
[Date "2022.09.11"]
[Round "1.7"]
[White "Weimer, Eduard"]
[Black "Medger, Gernot"]
[Result "1/2-1/2"]
[WhiteElo "2035"]
[BlackElo "1822"]
[PlyCount "30"]
[EventDate "2022.??.??"]
[SourceDate "2022.10.02"]
[WhiteTeam "SV Königsspringer Hamm 1"]
[BlackTeam "SV Bönen 1"]

1. e4 d5 2. exd5 Qxd5 3. Nc3 Qa5 4. Bc4 Nf6 5. d4 Bg4 6. f3 Bf5 7. g4 Bg6 8. g5
Nh5 9. Nge2 e6 10. Be3 c6 11. Bd3 Be7 12. f4 Nd7 13. Ng3 Nxg3 14. hxg3 O-O-O
15. Qe2 Nb6 1/2-1/2

[Event "SV Bönen 1-SV KS Hamm 1"]
[Site "?"]
[Date "2022.09.11"]
[Round "1.8"]
[White "Beulertz, Stefan"]
[Black "Ittner, Ralf"]
[Result "1-0"]
[WhiteElo "1937"]
[BlackElo "1681"]
[PlyCount "49"]
[EventDate "2022.??.??"]
[SourceDate "2022.10.02"]
[WhiteTeam "SV Bönen 1"]
[BlackTeam "SV Königsspringer Hamm 1"]

1. e4 c5 2. Nf3 e6 3. g3 Nc6 4. Bg2 d6 5. O-O Nf6 6. Qe2 Qc7 7. c3 Be7 8. d4
O-O 9. e5 dxe5 10. dxe5 Nd7 11. Bf4 b6 12. Nbd2 h6 13. h4 a5 14. Rfe1 Bb7 15.
a4 Rfd8 16. Nc4 Ba6 17. h5 Ra7 18. Rad1 Bf8 19. Qe4 Bxc4 20. Qxc4 Ne7 21. g4
Nd5 22. Bg3 Nb8 23. Qe4 Be7 24. Bf1 Na6 25. Bd3 1-0

[Event "Kirchhellen- Kamen 2"]
[Site "?"]
[Date "2022.09.11"]
[Round "1.1"]
[White "Rumpf, Thomas"]
[Black "Schlueter, Christoph"]
[Result "1-0"]
[WhiteElo "2101"]
[BlackElo "2139"]
[PlyCount "39"]
[SourceDate "2022.10.02"]

1. d4 Nf6 2. Nf3 d5 3. c4 e6 4. g3 Bb4+ 5. Nbd2 Ne4 6. Bg2 O-O 7. O-O Nxd2 8.
Bxd2 Bxd2 9. Qxd2 dxc4 10. Qb4 Nc6 11. Qxc4 Qd5 12. Qc3 Qb5 13. e3 Bd7 14. Rfc1
Rfc8 15. Qd2 a5 16. Rc5 Qb4 17. Qc2 Ne7 18. Ne5 Bc6 19. Nxc6 bxc6 20. Bxc6 1-0

[Event "Kirchhellen- Kamen 2"]
[Site "?"]
[Date "2022.09.11"]
[Round "1.3"]
[White "Bals, Jochen"]
[Black "Hoffterheide, Thomas"]
[Result "0-1"]
[WhiteElo "1907"]
[BlackElo "1950"]
[PlyCount "36"]
[SourceDate "2022.10.02"]

1. e4 e5 2. Nf3 Nc6 3. Bc4 Be7 4. d4 d6 5. h3 Nf6 6. Nc3 O-O 7. Be3 a6 8. a4
Bd7 9. O-O exd4 10. Nxd4 Nxd4 11. Qxd4 Bc6 12. Bd5 Nxd5 13. Nxd5 Re8 14. c3 Rc8
15. b3 Bf8 16. Rae1 Bd7 17. Kh2 c6 18. Nb6 c5 0-1

[Event "Kirchhellen- Kamen 2"]
[Site "?"]
[Date "2022.09.11"]
[Round "1.4"]
[White "Andersen, Knut"]
[Black "Koch, Marcel"]
[Result "0-1"]
[WhiteElo "2119"]
[BlackElo "1902"]
[PlyCount "66"]
[SourceDate "2022.10.02"]

1. d4 e6 2. g3 d5 3. Bg2 Nf6 4. Nf3 c5 5. O-O Nc6 6. b3 Be7 7. Bb2 O-O 8. Nbd2
Bd7 9. c4 cxd4 10. Nxd4 Nxd4 11. Bxd4 Bc6 12. Rc1 Rc8 13. Nf3 dxc4 14. Rxc4 Qa5
15. Qd2 Qxd2 16. Nxd2 Bxg2 17. Kxg2 Rxc4 18. Nxc4 Rd8 19. e3 b6 20. a4 Nd5 21.
Ne5 Rc8 22. Ra1 f6 23. Nc4 Nb4 24. Bb2 Rd8 25. Bc3 Nd3 26. Kf1 Nc5 27. b4 Nd3
28. Rd1 Rc8 29. Rxd3 Rxc4 30. a5 Kf8 31. b5 Rc5 32. axb6 axb6 33. Bb4 Rc1+ 0-1

[Event "Kirchhellen- Kamen 2"]
[Site "?"]
[Date "2022.09.11"]
[Round "1.5"]
[White "Rotter, Chris"]
[Black "Borgs, Martin"]
[Result "1/2-1/2"]
[WhiteElo "1726"]
[BlackElo "1939"]
[PlyCount "30"]
[SourceDate "2022.10.02"]

1. Nf3 d5 2. d4 Nf6 3. g3 e6 4. Bg2 Be7 5. O-O O-O 6. Bg5 b6 7. c4 Bb7 8. cxd5
exd5 9. Nc3 Nbd7 10. Ne5 h6 11. Nxd7 Qxd7 12. Bxf6 Bxf6 13. e3 Rfd8 14. Rc1 Qf5
15. Qf3 Qxf3 1/2-1/2

[Event "Kirchhellen- Kamen 2"]
[Site "?"]
[Date "2022.09.11"]
[Round "1.6"]
[White "Schueppel, Werner"]
[Black "Bui, Hoan Tam"]
[Result "0-1"]
[WhiteElo "1967"]
[BlackElo "1606"]
[PlyCount "128"]
[SourceDate "2022.10.02"]

1. d4 d5 2. c4 c6 3. Nf3 Nf6 4. Bg5 Ne4 5. Bh4 Qb6 6. Qc1 e5 7. e3 Bb4+ 8. Nbd2
exd4 9. exd4 Bxd2+ 10. Nxd2 Qxd4 11. Nxe4 Qxe4+ 12. Qe3 Qxe3+ 13. fxe3 Be6 14.
O-O-O Nd7 15. cxd5 Bxd5 16. b3 Nc5 17. Be2 f6 18. Bh5+ Ke7 19. Rhf1 Rad8 20.
Be2 Ne6 21. g4 Rhe8 22. Be1 Ng5 23. h4 Nf7 24. Bd3 h6 25. Bg6 Kf8 26. g5 hxg5
27. hxg5 Nxg5 28. Bb4+ Kg8 29. Bxe8 Rxe8 30. Bc5 a6 31. Rg1 Ne4 32. Bd4 Kf7 33.
Rdf1 Rh8 34. Rg2 Rh3 35. Rfg1 g5 36. Rf1 Kg6 37. Rg4 f5 38. Rg2 g4 39. Kc2 Ng5
40. Rgf2 Be4+ 41. Kc3 g3 42. Re2 Rh2 43. Rxh2 gxh2 44. Kb4 Nf3 45. Rh1 Nxd4 46.
Rxh2 Nc2+ 47. Kc5 b5 48. Re2 a5 49. a4 bxa4 50. bxa4 Kg5 51. Kb6 Kg4 52. Kxa5
Kf3 53. Rh2 Kxe3 54. Kb6 f4 55. a5 Nb4 56. Rb2 c5 57. Rb3+ Kd4 58. a6 Nxa6 59.
Kxa6 f3 60. Rb8 f2 61. Rf8 f1=Q+ 62. Rxf1 Bd3+ 63. Ka5 Bxf1 64. Ka4 Kd3 0-1

[Event "Kirchhellen- Kamen 2"]
[Site "?"]
[Date "2022.09.11"]
[Round "1.7"]
[White "Bals, Thabo"]
[Black "Belitz, Marco"]
[Result "1/2-1/2"]
[WhiteElo "1570"]
[BlackElo "1900"]
[PlyCount "124"]
[SourceDate "2022.10.02"]

1. e4 c5 2. a3 g6 3. b4 Bg7 4. c3 d5 5. Bb5+ Nc6 6. exd5 Qxd5 7. Qf3 Qe5+ 8.
Ne2 Bd7 9. bxc5 Qxc5 10. a4 Nf6 11. d4 Qd5 12. Qxd5 Nxd5 13. O-O O-O 14. Ba3
Rfe8 15. Nd2 Rad8 16. Rab1 a6 17. Bc4 Bc8 18. Nf3 e5 19. dxe5 Nxe5 20. Nxe5
Bxe5 21. Rfc1 Bc7 22. Rd1 Nb6 23. Rxd8 Bxd8 24. Bd3 Nxa4 25. Kf1 b5 26. Bc2 Nb6
27. Bb3 Be6 28. Bxe6 Rxe6 29. Nd4 Re4 30. Re1 Rxe1+ 31. Kxe1 Nc4 32. Bb4 Bb6
33. Ke2 f5 34. f4 Kf7 35. Nc2 Ke6 36. Ba3 Nxa3 37. Nxa3 Kd5 38. Kd3 Bc5 39. Nc2
a5 40. Na1 a4 41. Nc2 a3 42. Na1 Bg1 43. h3 Bh2 44. Nc2 a2 45. Nb4+ Kc5 46.
Nxa2 Bxf4 47. Nb4 h5 48. Na6+ Kd6 49. c4 bxc4+ 50. Kxc4 Ke5 51. Kd3 g5 52. Ke2
g4 53. Nc5 Bg5 54. Kf2 Bd8 55. Nd3+ Ke4 56. Nc5+ Kd5 57. Nd3 Bh4+ 58. g3 Bg5
59. hxg4 hxg4 60. Kg2 Be3 61. Nb4+ Ke4 62. Nc2 Bc1 1/2-1/2

[Event "Kirchhellen- Kamen 2"]
[Site "?"]
[Date "2022.09.11"]
[Round "1.8"]
[White "Gajda, Peter"]
[Black "Riemer, Jannick"]
[Result "1-0"]
[WhiteElo "1815"]
[BlackElo "1453"]
[PlyCount "119"]
[SourceDate "2022.10.02"]

1. d4 d5 2. Nf3 c5 3. g3 Nf6 4. Bg2 Nc6 5. O-O e6 6. b3 cxd4 7. Nxd4 e5 8. Nxc6
bxc6 9. c4 d4 10. Bxc6+ Bd7 11. Bxa8 Qxa8 12. f3 Bh3 13. Re1 Ng4 14. e4 dxe3
15. Qd5 Qxd5 16. cxd5 Bc5 17. Re2 Bd4 18. Bb2 Kd7 19. Na3 Nf6 20. Rd1 Bxb2 21.
Rxb2 e4 22. Nc4 Re8 23. fxe4 Rxe4 24. Rbb1 Bg4 25. Re1 Nxd5 26. Kg2 e2 27. h3
Bf5 28. Kf2 Nc3 29. Rbc1 Nxa2 30. Rc2 Nb4 31. Rd2+ Ke6 32. Rexe2 Rxe2+ 33.
Rxe2+ Kf6 34. g4 Bc2 35. Na5 Nd3+ 36. Ke3 Bb1 37. Rd2 Ne5 38. Nc4 Nxc4+ 39.
bxc4 Ke6 40. c5 f5 41. c6 Be4 42. c7 Bb7 43. Rd8 a5 44. c8=Q+ Bxc8 45. Rxc8 a4
46. Ra8 fxg4 47. hxg4 a3 48. Kf4 Kf6 49. Rxa3 Kg6 50. Ra6+ Kf7 51. g5 Ke7 52.
Ke5 Kf7 53. Kf5 Ke7 54. Ra7+ Kf8 55. Ke6 g6 56. Rxh7 Kg8 57. Rc7 Kf8 58. Kf6
Ke8 59. Kxg6 Kf8 60. Kh7 1-0

[Event "FS Dortmund 1 - SV Sterkrade-Nord 2"]
[Site "Verbandsklasse, Gr. 3 2022/20"]
[Date "2022.09.11"]
[Round "1.1"]
[White "Kantor, Nikita"]
[Black "Khess, Igor"]
[Result "1-0"]
[WhiteElo "1883"]
[BlackElo "1989"]
[PlyCount "61"]
[EventDate "2022.??.??"]
[SourceDate "2022.10.02"]
[WhiteTeam "SV Sterkrade-Nord 2"]
[BlackTeam "FS Dortmund 1"]

1. e4 b6 2. d4 Bb7 3. Bd3 e6 4. Qe2 a6 5. Nf3 d6 6. c4 c5 7. d5 e5 8. O-O Nd7
9. Nc3 g6 10. Bc2 Bg7 11. Ba4 Ne7 12. Be3 h6 13. Qd2 Qc7 14. Ne1 O-O-O 15. Nd3
f5 16. Bxd7+ Qxd7 17. f3 f4 18. Bf2 Bf6 19. b4 Qc7 20. bxc5 bxc5 21. Na4 Kb8
22. Rfb1 Ka8 23. Bxc5 dxc5 24. Ndxc5 Bc8 25. Nb6+ Ka7 26. Qa5 Rd6 27. Nxc8+
Qxc8 28. Rb7+ Ka8 29. Rab1 Rg8 30. R1b6 Rxb6 31. Rxb6 1-0

[Event "FS Dortmund 1 - SV Sterkrade-Nord 2"]
[Site "Verbandsklasse, Gr. 3 2022/20"]
[Date "2022.09.11"]
[Round "1.2"]
[White "Hein, Erwin"]
[Black "Labuda, Markus"]
[Result "1/2-1/2"]
[WhiteElo "1975"]
[BlackElo "1941"]
[PlyCount "66"]
[EventDate "2022.??.??"]
[SourceDate "2022.10.02"]
[WhiteTeam "FS Dortmund 1"]
[BlackTeam "SV Sterkrade-Nord 2"]

1. d4 d5 2. c4 c6 3. Nc3 Nf6 4. Nf3 Qb6 5. e3 Bg4 6. h3 Bh5 7. cxd5 Nxd5 8. Be2
Nd7 9. O-O e6 10. Ne5 Bxe2 11. Nxd7 Bxd1 12. Nxb6 axb6 13. Nxd5 exd5 14. Rxd1
Be7 15. Bd2 f5 16. a3 O-O 17. Rac1 b5 18. Kf1 Ra4 19. Ke2 f4 20. Rc3 fxe3 21.
Bxe3 Re8 22. Rcd3 Bf6 23. Kf1 Kf7 24. f3 Rea8 25. Bf2 R8a7 26. Be1 Be7 27. Bc3
Ra8 28. Re3 Bf6 29. Re2 Re8 30. Rxe8 Kxe8 31. Ke2 Kd7 32. Kd3 Ra8 33. Re1 Re8
1/2-1/2

[Event "FS Dortmund 1 - SV Sterkrade-Nord 2"]
[Site "Verbandsklasse, Gr. 3 2022/20"]
[Date "2022.09.11"]
[Round "1.3"]
[White "Altenburg, Frank"]
[Black "Schulz, Oliver"]
[Result "0-1"]
[WhiteElo "1843"]
[BlackElo "1949"]
[PlyCount "120"]
[EventDate "2022.??.??"]
[SourceDate "2022.10.02"]
[WhiteTeam "SV Sterkrade-Nord 2"]
[BlackTeam "FS Dortmund 1"]

1. d4 Nf6 2. Nf3 e6 3. g3 b6 4. Bg2 Bb7 5. O-O c5 6. c4 cxd4 7. Nxd4 Bxg2 8.
Kxg2 Qc7 9. Qd3 Nc6 10. Nxc6 Qxc6+ 11. Qf3 Rc8 12. Qxc6 Rxc6 13. b3 d5 14. cxd5
Nxd5 15. Bd2 Bd6 16. a4 Ke7 17. Na3 Bxa3 18. Rxa3 Rc2 19. Rd1 Rd8 20. Raa1 Rxd2
21. Rxd2 Ne3+ 22. fxe3 Rxd2 23. Kf3 Rb2 24. Rc1 Kd6 25. Rc3 f5 26. Rd3+ Kc5 27.
Rd7 a5 28. Rxg7 h5 29. Re7 Kd6 30. Rh7 Rxb3 31. Rxh5 Rb4 32. Rh4 b5 33. e4 bxa4
34. Rh7 a3 35. Ra7 Rb5 36. Ra6+ Ke5 37. Rc6 Rb3+ 38. Kf2 Rb5 39. Rc3 Kxe4 40.
Rxa3 Kd4 41. h4 Kc4 42. h5 Kb4 43. Re3 a4 44. h6 Rb7 45. Rxe6 a3 46. Ra6 Kb3
47. Kf3 a2 48. Kf4 Rb4+ 49. Kxf5 Ra4 50. Rxa4 Kxa4 51. h7 a1=Q 52. Kg6 Kb5 53.
g4 Qa6+ 54. Kg7 Qb7+ 55. Kh6 Qc6+ 56. Kh5 Qe8+ 57. Kh6 Qe6+ 58. Kh5 Qf7+ 59.
Kh6 Qf6+ 60. Kh5 Qg7 0-1

[Event "FS Dortmund 1 - SV Sterkrade-Nord 2"]
[Site "Verbandsklasse, Gr. 3 2022/20"]
[Date "2022.09.11"]
[Round "1.4"]
[White "Alghawi, Abdullah"]
[Black "Matthies, Jochen"]
[Result "0-1"]
[WhiteElo "1903"]
[BlackElo "1792"]
[PlyCount "56"]
[EventDate "2022.??.??"]
[SourceDate "2022.10.02"]
[WhiteTeam "FS Dortmund 1"]
[BlackTeam "SV Sterkrade-Nord 2"]

1. d4 d5 2. Nf3 c6 3. c4 Nf6 4. e3 Bf5 5. Nc3 e6 6. Be2 h6 7. O-O Be7 8. b3 O-O
9. Bb2 dxc4 10. bxc4 Nbd7 11. Nd2 e5 12. Nb3 exd4 13. exd4 Re8 14. a4 Qc7 15.
a5 Rad8 16. a6 b6 17. Qc1 Bb4 18. Re1 Ng4 19. g3 Ngf6 20. Ra4 Bd6 21. d5 Nc5
22. Nxc5 Bxc5 23. Bf3 Rxe1+ 24. Qxe1 Ng4 25. Nd1 Bc2 26. Qc3 Ne5 27. Qxc2 (27.
Qxe5 Qxe5 28. Bxe5 Bxa4 29. Nc3 Bc2 30. dxc6) 27... Nxf3+ 28. Kg2 Ne1+ 0-1

[Event "FS Dortmund 1 - SV Sterkrade-Nord 2"]
[Site "Verbandsklasse, Gr. 3 2022/20"]
[Date "2022.09.11"]
[Round "1.5"]
[White "Drescher, Roland"]
[Black "BrendemÃ¼hl, Bernd"]
[Result "0-1"]
[WhiteElo "1963"]
[BlackElo "1929"]
[PlyCount "92"]
[EventDate "2022.??.??"]
[SourceDate "2022.10.02"]
[WhiteTeam "SV Sterkrade-Nord 2"]
[BlackTeam "FS Dortmund 1"]

1. d4 e6 2. e4 d5 3. exd5 exd5 4. Nf3 Nf6 5. Bd3 Bd6 6. Qe2+ Qe7 7. Qxe7+ Bxe7
8. Bf4 c6 9. Nbd2 O-O 10. h3 h6 11. O-O-O Be6 12. Rde1 Re8 13. g4 Nbd7 14. c3
Nh7 15. Bg3 a5 16. Re2 Ng5 17. Nh4 Nf6 18. f4 Nge4 19. Be1 Nxd2 20. Kxd2 Bd6
21. Rf1 Ne4+ 22. Kc2 a4 23. f5 Bd7 24. Bxe4 Rxe4 25. Rxe4 dxe4 26. Bf2 Re8 27.
Be3 Bg3 28. Ng2 b5 29. Bf4 Bxf4 30. Nxf4 Kh7 31. Re1 g6 32. fxg6+ fxg6 33. Kd2
Re7 34. Ke3 Be8 35. d5 g5 36. Ne2 cxd5 37. Rd1 Bf7 38. Nd4 Rb7 39. Rf1 Bg6 40.
a3 Rb6 41. Rf8 Kg7 42. Rd8 Bf7 43. Rd7 Kf6 44. Rc7 Be8 45. Rh7 Kg6 46. Nf5 Kxh7
0-1

[Event "FS Dortmund 1 - SV Sterkrade-Nord 2"]
[Site "Verbandsklasse, Gr. 3 2022/20"]
[Date "2022.09.11"]
[Round "1.6"]
[White "Grube, JÃ¶rg"]
[Black "Bross, Horst"]
[Result "1-0"]
[WhiteElo "1797"]
[BlackElo "1801"]
[PlyCount "53"]
[EventDate "2022.??.??"]
[SourceDate "2022.10.02"]
[WhiteTeam "FS Dortmund 1"]
[BlackTeam "SV Sterkrade-Nord 2"]

1. e4 e5 2. Nf3 Nf6 3. Nxe5 d6 4. Nf3 Nxe4 5. d4 d5 6. Bd3 Bd6 7. O-O O-O 8. c4
c6 9. Nc3 Nxc3 10. bxc3 h6 11. cxd5 cxd5 12. Bc2 Nd7 13. Qd3 Nf6 14. Ne5 Re8
15. Bf4 Qc7 16. Rae1 Be6 17. Re3 Rac8 18. Rd1 Ne4 19. f3 Qxc3 20. Ba4 Qxd3 21.
Nxd3 Bxf4 22. Nxf4 Red8 23. fxe4 dxe4 24. Nxe6 fxe6 25. Bb3 Rc6 26. Rxe4 Kh8
27. Bxe6 1-0

[Event "FS Dortmund 1 - SV Sterkrade-Nord 2"]
[Site "Verbandsklasse, Gr. 3 2022/20"]
[Date "2022.09.11"]
[Round "1.7"]
[White "Spoden, Kurt"]
[Black "Schulz-Runge, Michael"]
[Result "1/2-1/2"]
[WhiteElo "1773"]
[BlackElo "1840"]
[PlyCount "130"]
[EventDate "2022.??.??"]
[SourceDate "2022.10.02"]
[WhiteTeam "SV Sterkrade-Nord 2"]
[BlackTeam "FS Dortmund 1"]

1. c4 Nf6 2. Nc3 c6 3. e4 e5 4. Nf3 d6 5. d4 exd4 6. Nxd4 Be7 7. Be2 O-O 8. O-O
Re8 9. f4 Bf8 10. Bf3 Na6 11. Re1 Qc7 12. a3 Nc5 13. b4 Ncd7 14. Bb2 a5 15. Qd3
axb4 16. axb4 Rxa1 17. Rxa1 Qb6 18. Na4 Qc7 19. Nf5 d5 20. e5 dxc4 21. Qxc4 Nb6
22. Nxb6 Bxf5 23. Na8 Qd8 24. exf6 Qd2 25. Bc3 Qe3+ 26. Kh1 Rxa8 27. Re1 Qf2
28. Rc1 Re8 29. Qf1 Qxf1+ 30. Rxf1 gxf6 31. b5 Bd3 32. Rd1 Bxb5 33. Bxf6 Ba4
34. Rb1 Bb4 35. Be5 Bd2 36. g3 Bb5 37. Rd1 f6 38. Bh5 Re7 39. Rxd2 fxe5 40.
Rd8+ Kg7 41. fxe5 c5 42. Bf3 Rxe5 43. Bxb7 Re7 44. Bf3 Rc7 45. Kg1 Kf6 46. Kf2
Ke5 47. Rd5+ Ke6 48. Ke3 Ba6 49. Rh5 Bc4 50. Be4 Kf6 51. Bxh7 Bf7 52. Rh4 c4
53. Rf4+ Ke5 54. Bc2 Be6 55. Rh4 Ra7 56. Rh5+ Kd6 57. Rg5 Ra2 58. Kd2 Bd5 59.
Kc3 Be6 60. h4 Ra1 61. Bf5 Bxf5 62. Rxf5 Ra3+ 63. Kxc4 Rxg3 64. Rf4 Ke5 65. Rd4
Kf5 1/2-1/2

[Event "FS Dortmund 1 - SV Sterkrade-Nord 2"]
[Site "Verbandsklasse, Gr. 3 2022/20"]
[Date "2022.09.11"]
[Round "1.8"]
[White "SchlÃ¤ger, Reiner"]
[Black "Farber, Lennart"]
[Result "0-1"]
[WhiteElo "1593"]
[BlackElo "1752"]
[PlyCount "68"]
[EventDate "2022.??.??"]
[SourceDate "2022.10.02"]
[WhiteTeam "FS Dortmund 1"]
[BlackTeam "SV Sterkrade-Nord 2"]

1. e4 c5 2. Nf3 d6 3. d4 cxd4 4. Nxd4 Nf6 5. Nc3 a6 6. Be2 e5 7. Nb3 Be7 8. O-O
Be6 9. Be3 d5 10. Nxd5 Nxd5 11. exd5 Qxd5 12. Qxd5 Bxd5 13. c4 Be6 14. Na5 Nc6
15. Bb6 Nxa5 16. Bxa5 O-O 17. Bb6 Rac8 18. b3 Rc6 19. Be3 f5 20. f4 e4 21. Rf2
h6 22. Raf1 g5 23. Bd1 gxf4 24. Bxf4 Bc5 25. Bxh6 Rd8 26. Bg5 Rd7 27. h4 f4 28.
Bxf4 e3 29. Re2 Bg4 30. b4 Bxe2 31. Bxe2 Bxb4 32. Bxe3 Re7 33. Rf3 Rce6 34. Kf2
Rxe3 0-1

[Event "Dorsten- Katernberg 3"]
[Site "?"]
[Date "2022.09.25"]
[Round "2.1"]
[White "Rosen, Willy"]
[Black "Nowok, Frank"]
[Result "1-0"]
[WhiteElo "2049"]
[BlackElo "1893"]
[PlyCount "39"]
[SourceDate "2022.10.02"]

1. e4 d6 2. d4 Nf6 3. Nc3 e5 4. Nf3 exd4 5. Nxd4 Nbd7 6. Be3 Be7 7. Be2 O-O 8.
g4 Ne5 9. Rg1 c6 10. f4 Ng6 11. g5 Re8 12. gxf6 Bxf6 13. Qd2 Bh4+ 14. Kd1 Qc7
15. Nf3 Be7 16. f5 Nf8 17. Bd4 f6 18. Bc4+ Kh8 19. Bf7 Rd8 20. Qg2 1-0

[Event "Dorsten- Katernberg 3"]
[Site "?"]
[Date "2022.09.25"]
[Round "2.2"]
[White "Hermanowski, Mark"]
[Black "Struck, Lasse"]
[Result "0-1"]
[WhiteElo "1884"]
[BlackElo "2037"]
[PlyCount "100"]
[SourceDate "2022.10.02"]

1. e4 c5 2. f4 d5 3. e5 Nc6 4. Nf3 Bg4 5. Be2 e6 6. O-O h5 7. h3 Bxf3 8. Bxf3
h4 9. c3 Nge7 10. d3 Nf5 11. Na3 Rc8 12. Nc2 Qb6 13. Rb1 g5 14. Bg4 Ng3 15. Rf2
Bg7 16. f5 Nxe5 17. fxe6 f6 18. Ne3 Rd8 19. Nf5 Nxf5 20. Bxf5 Ke7 21. b3 d4 22.
c4 Rd6 23. Bd2 Qc7 24. b4 b6 25. bxc5 bxc5 26. Rb5 Rb8 27. Ba5 Qc8 28. Rfb2
Rxb5 29. Rxb5 Rxe6 30. Qb3 Nc6 31. Rxc5 Qd7 32. Rd5 Qc8 33. Bb4+ Kf7 34. Bd2
Ne7 35. Bxe6+ Qxe6 36. Rxd4 Qe2 37. c5+ Kg6 38. Re4 Qxd2 39. Rxe7 Qc1+ 40. Kf2
Qxc5+ 41. Re3 Bf8 42. Ke2 Bd6 43. Re8 Be5 44. Qg8+ Kh6 45. Qf8+ Qxf8 46. Rxf8
Kg6 47. Kf3 f5 48. Ra8 Bd4 49. Rd8 Bb6 50. d4 Bxd8 0-1